000 00277nam a2200109Ia 4500
008 230907s9999||||xx |||||||||||||| ||und||
082 _a6.3
_bIAF
100 _aIafrate, Fernando.
_9115946
245 0 _aArtificial intelligence and big data /
300 _apages cm
942 _cBK
999 _c600408
_d600408